000 00668nam a2200241Ia 4500
003 OSt
005 20221006155353.0
006 a|||||r|||| 00| 0
007 ta
008 221006b |||||||| |||| 00| 0 eng d
024 _a41,768
037 _cSeries Articles
040 _aEASL
_cEASL
_beng
041 _2eng
_aeng
100 _aQasmi Ali usman
_9274518
245 0 _aGod's kingdom on earth?politicsof Islam in Pakistan, 1947-1969
260 _aCambridge
_bCambridge University Press UK
_c2010
300 _a1197-1254
_ccm.
490 _v44
650 _aPolitics
_9265771
942 _cREF
_2CC
999 _c1109854
_d1109854